000
00261nam a2200109 a 4500
008
101215s1996|||| d
245
1
0
_a
Nahlas o Tichom Potoku z druhej strany
260
_b
AFA
_a
Tulčík
_c
1996
020
_c
10
044
_a
xo
_c
SK
041
_a
slo
999
_c
15271
_d
15271